00783 2200265 4500001002100000005001500021035002000036007000300056008003800059082001400097084001600111100003000127245006000157300002400217650001300241700002400254264009300278336002100371337003000392338002300422040002200445850001200467090001800479990002000497INLIS00000000089129620241125024430 a0010-1124000258ta241125s jki g | ind d04223a411.7 a411.7 PUT e3 aPutu BudiastraePengarang10aEmpat lembar prasasti raja Jayapangus /cPutu Budiastra a56 halaman ;c28 cm 4aPrasasti0 aNataliaePenyunting31aJakarta :bDepartemen Pendidikan dan Kebudayaan R.I,ctahun terbit tidak teridentifikasi 2rdacontentateks 2rdamediaatanpa perantara 2rdacarrieravolume aYOPDYOGbinderda aYOPDYOG aL 411.7 PUT e a73140-PD/A.2024